Normal view
MARC view
- Urdu Novel
Entry Topical Term
001 - CONTROL NUMBER
- control field: 121035
003 - CONTROL NUMBER IDENTIFIER
- control field: NUST
005 - DATE AND TIME OF LATEST TRANSACTION
- control field: 20240221160101.0
008 - FIXED-LENGTH DATA ELEMENTS
- fixed length control field: 240221|| aca||aabn | a|a d
040 ## - CATALOGING SOURCE
- Original cataloging agency: NUST
- Transcribing agency: NUST
150 ## - HEADING--TOPICAL TERM
- Topical term or geographic name entry element: Urdu Novel
- Topical term or geographic name entry element: dastan
670 ## - SOURCE DATA FOUND
- Source citation: Work cat.: (NUST): Iqbal, Dr. Sanawar 121034, Pehchan/, 2024.
